The terms of trade

সংরক্ষণ করুন:
গ্রন্থ-পঞ্জীর বিবরন
প্রধান লেখক: Kindleberger, Charles P.
বিন্যাস: গ্রন্থ
ভাষা:Undetermined
প্রকাশিত: London Chapman and Hall 1956
বিষয়গুলি:
ট্যাগগুলো: ট্যাগ যুক্ত করুন
কোনো ট্যাগ নেই, প্রথমজন হিসাবে ট্যাগ করুন!
Thư viện lưu trữ: Trung tâm Học liệu Trường Đại học Cần Thơ
LEADER 00474nam a2200181Ia 4500
001 CTU_79645
008 210402s9999 xx 000 0 und d
082 |a 338.9 
082 |b K51 
100 |a Kindleberger, Charles P. 
245 4 |a The terms of trade 
245 0 |c Charles P. Kindleberger 
260 |a London 
260 |b Chapman and Hall 
260 |c 1956 
650 |a Terms of trade 
650 |x History 
980 |a Trung tâm Học liệu Trường Đại học Cần Thơ